<?xml version="1.0" encoding="UTF-8"?>
<record
    xmlns:xsi="http://www.w3.org/2001/XMLSchema-instance"
    xsi:schemaLocation="http://www.loc.gov/MARC21/slim http://www.loc.gov/standards/marcxml/schema/MARC21slim.xsd"
    xmlns="http://www.loc.gov/MARC21/slim">

  <leader>01139nam a22002537a 4500</leader>
  <controlfield tag="005">20170124103200.0</controlfield>
  <datafield tag="010" ind1=" " ind2=" ">
    <subfield code="a">A-990852</subfield>
  </datafield>
  <datafield tag="020" ind1=" " ind2=" ">
    <subfield code="c">150.00</subfield>
    <subfield code="a">8170561698</subfield>
  </datafield>
  <datafield tag="035" ind1=" " ind2=" ">
    <subfield code="a">A-990852</subfield>
  </datafield>
  <datafield tag="037" ind1=" " ind2=" ">
    <subfield code="b">Cen Lib/Ret</subfield>
  </datafield>
  <datafield tag="040" ind1=" " ind2=" ">
    <subfield code="a">DPL</subfield>
    <subfield code="b">HN</subfield>
  </datafield>
  <datafield tag="082" ind1=" " ind2=" ">
    <subfield code="a">153.9333</subfield>
    <subfield code="b">&#x92C;&#x93E;&#x92F;&#x924;&#x940; </subfield>
  </datafield>
  <datafield tag="100" ind1=" " ind2=" ">
    <subfield code="a">&#x92C;&#x93E;&#x92F;&#x924;&#x940;, &#x91C;&#x92E;&#x928;&#x93E;&#x932;&#x93E;&#x932; </subfield>
    <subfield code="9">91409</subfield>
  </datafield>
  <datafield tag="245" ind1=" " ind2=" ">
    <subfield code="a">&#x938;&#x93E;&#x915;&#x94D;&#x937;&#x93E;&#x924;&#x94D;&#x915;&#x93E;&#x930; &#x915;&#x948;&#x938;&#x947; &#x926;&#x947;&#x902; /</subfield>
    <subfield code="c">&#x91C;&#x92E;&#x928;&#x93E;&#x932;&#x93E;&#x932; &#x92C;&#x93E;&#x92F;&#x924;&#x940;</subfield>
  </datafield>
  <datafield tag="246" ind1=" " ind2=" ">
    <subfield code="a">sakshatkar kaise dein /</subfield>
    <subfield code="b">by Jamnalal Bayati  </subfield>
  </datafield>
  <datafield tag="260" ind1=" " ind2=" ">
    <subfield code="a">&#x91C;&#x92F;&#x92A;&#x941;&#x930; </subfield>
    <subfield code="b">&#x92A;&#x902;&#x91A;&#x936;&#x940;&#x932; &#x92A;&#x94D;&#x930;&#x915;&#x93E;&#x936;&#x928; </subfield>
    <subfield code="c">1999</subfield>
  </datafield>
  <datafield tag="270" ind1=" " ind2=" ">
    <subfield code="a">&#x92B;&#x93F;&#x932;&#x94D;&#x92E; &#x915;&#x93E;&#x932;&#x94B;&#x928;&#x940;, &#x91A;&#x94C;&#x921;&#x93C;&#x93E; &#x930;&#x93E;&#x938;&#x94D;&#x924;&#x93E; </subfield>
    <subfield code="b">&#x91C;&#x92F;&#x92A;&#x941;&#x930; </subfield>
    <subfield code="e">302003</subfield>
  </datafield>
  <datafield tag="300" ind1=" " ind2=" ">
    <subfield code="a">144&#x92A;&#x943;. </subfield>
    <subfield code="c">21&#x938;&#x947;&#x92E;&#x940; (&#x938;&#x91C;&#x93F;&#x932;&#x94D;&#x926;)</subfield>
  </datafield>
  <datafield tag="650" ind1=" " ind2=" ">
    <subfield code="a">&#x938;&#x93E;&#x915;&#x94D;&#x937;&#x93E;&#x924;&#x94D;&#x915;&#x93E;&#x930; -- &#x935;&#x94D;&#x92F;&#x915;&#x94D;&#x924;&#x93F;&#x924;&#x94D;&#x935; &#x92E;&#x942;&#x932;&#x94D;&#x92F;&#x93E;&#x902;&#x915;&#x928; </subfield>
    <subfield code="9">91410</subfield>
  </datafield>
  <datafield tag="650" ind1=" " ind2=" ">
    <subfield code="a">&#x938;&#x93E;&#x930;&#x94D;&#x925;&#x915; &#x938;&#x93E;&#x915;&#x94D;&#x937;&#x93E;&#x924;&#x94D;&#x915;&#x93E;&#x930;  </subfield>
    <subfield code="9">1550</subfield>
  </datafield>
  <datafield tag="650" ind1=" " ind2=" ">
    <subfield code="a">Interview -- Personality assessment</subfield>
    <subfield code="9">91411</subfield>
  </datafield>
  <datafield tag="650" ind1=" " ind2=" ">
    <subfield code="a">Meaningful interview</subfield>
    <subfield code="9">91412</subfield>
  </datafield>
  <datafield tag="942" ind1=" " ind2=" ">
    <subfield code="2">ddc</subfield>
    <subfield code="c">HN</subfield>
    <subfield code="h">153.9333</subfield>
    <subfield code="m">&#x92C;&#x93E;&#x92F;&#x924;&#x940; </subfield>
  </datafield>
  <datafield tag="999" ind1=" " ind2=" ">
    <subfield code="c">120585</subfield>
    <subfield code="d">120585</subfield>
  </datafield>
  <datafield tag="952" ind1=" " ind2=" ">
    <subfield code="0">0</subfield>
    <subfield code="1">0</subfield>
    <subfield code="4">0</subfield>
    <subfield code="7">0</subfield>
    <subfield code="a">L</subfield>
    <subfield code="b">L</subfield>
    <subfield code="d">2015-09-23</subfield>
    <subfield code="e">Cen Lib/Ret</subfield>
    <subfield code="g">150.00</subfield>
    <subfield code="l">1</subfield>
    <subfield code="m">1</subfield>
    <subfield code="o">153.9333 &#x92C;&#x93E;&#x92F;&#x924;&#x940;</subfield>
    <subfield code="p">A-990852</subfield>
    <subfield code="r">2018-05-31 00:00:00</subfield>
    <subfield code="s">2018-04-26</subfield>
    <subfield code="t">1</subfield>
    <subfield code="v">150.00</subfield>
    <subfield code="w">2015-09-23</subfield>
    <subfield code="y">HN</subfield>
  </datafield>
</record>
